000 00247 a2200109 4500
001 3042
082 _a297.1978344 SHE
090 _c2328
_d2328
100 _aShehab R.
245 _aRights of woman in islamic Shariah
260 _bIndus pub
942 _aNUST-CAE
_k297.1978344 SHE
999 _c238115
_d238115